000 00858nam a22002177a 4500
999 _c6973
_d6973
003 AR-CdUCM
008 190319b ||||| |||| 00| 0 spa d
020 _a84-267-0305-4
040 _aMUNICIPALIDAD PROVINCIAL DEL CUSCO
_cBIBLIOTECA MUNICIPAL DEL CUSCO
082 _a621.38173 /
_bL65
100 _aLilen, Henri
_919661
245 _aCircuitos integrados lineales :
_bPrincipios y aplicaciones /
260 _aBarcelona :
_bMarcombo Boixareu editores,
_c1978.
300 _a410 paginas ;
_c24 cm.
505 _aContenido :Panorama de la microelectrónica -- Tecnología -- La evolución de los esquemas con la integración -- Montajes diferenciales -- El amplificador operacional ...
650 _aCircuitos integrados lineales
_919662
650 _aCircuitos
_919663
700 _aIbáñez Morlán, Luis
_919664
942 _2ddc
_cLIBROS
945 _arum